000
00278nam a2200121Ia 4500
008
190216s9999||||xx |||||||||||||| ||und||
100
_a
Ashapoorna Devi
245
0
_a
Hindi-Athmanidhor Sharan
260
_b
Rashtriya Prakashan
300
_a
144
650
_a
Hindi
942
_c
BK
999
_c
16398
_d
16398